000 00309nam a2200121Ia 4500
008 190216s9999||||xx |||||||||||||| ||und||
100 _aWeatherburn C E
245 2 _aA First Course In Statistics
260 _bThe English Language Book Society
_c1946
300 _a277p
650 _aMathematics
942 _cBK
999 _c37165
_d37165